| 000 | 00671nam a2200241 a 4500 | ||
|---|---|---|---|
| 999 |
_c9559 _d9559 |
||
| 001 | 9559 | ||
| 003 | BD-JhCC | ||
| 005 | 20220831091430.0 | ||
| 008 | 220831s20172019bg a|||| |||| 000 0 eng d | ||
| 020 | _a9789849100119 | ||
| 035 | _a(BD-JhCC)9559 | ||
| 040 |
_aBD-JhCC _dBD-JhCC |
||
| 041 | _aben | ||
| 082 |
_a530 _bSAL 2019 |
||
| 100 | _aSalu, A.T.M. Shamsur Rahman | ||
| 245 |
_aPhysics : for Classes XI-XII / _c A.T.M. Shamsur Rahman Salu and Zakaria Touhid |
||
| 260 |
_aDhaka : _bLecture publications ltd., _c2019. |
||
| 300 |
_a First and Second paper _c22 cm. _bill. |
||
| 650 | _aPhysics | ||
| 700 | _aTouhid, Zakaria | ||
| 942 |
_2ddc _cBK |
||